Rozpoznaj utwór A. Mickiewicza po pierwszym wersie - Statystyki

Ogólne statystyki
  • Ten quiz został rozwiązany 118 razy
  • Średni wynik to 5 z 10
Statystyki odpowiedzi
Wers Utwór % Poprawnych
"Litwo! Ojczyzno moja! Ty jesteś jak zdrowie:" Pan Tadeusz
100%
"Nam strzelać nie kazano. - Wstąpiłem na działo" Reduta Ordona
84%
"Na suchego wpłynąłem przestwór oceanu" Stepy Akermańskie
59%
"Sto lat mijało jak zakon krzyżowy" Konrad Wallenrod
46%
"Bez serc, bez ducha, — to szkieletów ludy!" Oda do młodości
39%
"Słuchaj dzieweczko!" Romantyczność
39%
"Pójdźcie, o dziatki, pójdźcie wszystkie razem" Powrót taty
29%
"Zdarto żagle, stér prysnął, ryk wód, szum zawiei" Burza
27%
"Precz z moich oczu!... posłucham od razu" Do M***
26%
"Zmów pacierz, opuść wodze, odwróć na bok lica" Droga nad przepaścią w Czufut-Kale
4%
Nie znaleziono quizów pasujących do podanych kryteriów
Rozkład punktacji
Procent ludzi z każdym wynikiem
Percentyl według liczby udzielonych odpowiedzi
Twoja historia wyników
Nie rozwiązałeś tego quizu